ICRISAT annual report (Record no. 76284)

MARC details
000 -LEADER
fixed length control field 00843nam a2200169 a 4500
008 - FIXED-LENGTH DATA ELEMENTS--GENERAL INFORMATION
fixed length control field 060626s2004 ||||||||||||||||| || u
050 ## - LIBRARY OF CONGRESS CALL NUMBER
Classification number ICRISAT(058)A5/04
245 00 - TITLE STATEMENT
Title ICRISAT annual report
260 ## - PUBLICATION, DISTRIBUTION, ETC.
Place of publication, distribution, etc. India
Name of publisher, distributor, etc. The International Crops Research Institute for the Semi-Arid Tropics(ICRISAT)
Date of publication, distribution, etc. 2004
300 ## - PHYSICAL DESCRIPTION
Extent 41 pages : illustrations
350 ## -
-- 0.00
500 ## - GENERAL NOTE
General note 2004:sowing seeds of success
650 ## - SUBJECT ADDED ENTRY--TOPICAL TERM
Topical term or geographic name entry element CROPS AND CLIMATE -- ECONOMIC ASPECTS
856 ## - ELECTRONIC LOCATION AND ACCESS
Uniform Resource Identifier www.icrisat.org
995 ## -
-- SPECIAL COLLECTIONS
-- 0.00
-- ICRISAT(058)A5/04
-- CBU-MAIN LIBRARY (Kitwe)
-- 1
-- 0.00
-- ICRISAT(058)A5/04
-- 1
-- AVAILABLE
-- Jun 26, 2006
-- Z03000579
-- International Publications
995 ## -
-- SPECIAL COLLECTIONS
-- 0.00
-- ICRISAT(058)A5/06
-- CBU-MAIN LIBRARY (Kitwe)
-- 1
-- 0.00
-- ICRISAT(058)A5/06
-- 2
-- AVAILABLE
-- Mar 6, 2007
-- Z03001677
-- International Publications
999 ## -
-- 76284
-- 76284
Holdings
Withdrawn status Lost status Source of classification or shelving scheme Damaged status Not for loan Permanent Location Current Location Shelving location Date acquired Total Checkouts Full call number Barcode Date last seen Copy number Price effective from Koha item type
          CBU-MAIN LIBRARY, KITWE. CBU-MAIN LIBRARY, KITWE.   04/25/2023   ICRISAT(058)A5/04 Z03000579 04/25/2023 1 04/25/2023 SPECIAL COLLECTION
          CBU-MAIN LIBRARY, KITWE. CBU-MAIN LIBRARY, KITWE.   04/25/2023   ICRISAT(058)A5/06 Z03001677 04/25/2023 2 04/25/2023 SPECIAL COLLECTION